Statistics for 1701-北陸鉄道の駅

Click here to take the quiz!

General Stats

  • This quiz has been taken 38 times
  • The average score is 17 of 29

Answer Stats

本線% Correct
野町
100%
新西金沢
96%
内灘
92%
北鉄金沢
92%
鶴来
92%
野々市
83%
割出
71%
額住宅前
67%
野々市工大前
67%
粟ヶ崎
63%
蚊爪
58%
七ツ屋
58%
西泉
54%
井口
50%
道法寺
50%
陽羽里
50%
乙丸
50%
三ツ屋
50%
上諸江
50%
三口
50%
大河端
46%
四十万
46%
曽谷
46%
押野
42%
磯部
42%
日御子
42%
馬替
38%
小柳
38%
北間
33%

Score Distribution

Percentile by Number Answered

Percent of People with Each Score

Your Score History

You have not taken this quiz